Statistics for Counties of Northern Ireland

Click here to take the quiz!

General Stats

  • This quiz has been taken 15 times
  • The average score is 5 of 6

Answer Stats

Answer% Correct
1Derry
100%
4Down
100%
2Antrim
92%
5Tyrone
92%
3Armagh
85%
6Fermanagh
77%

Score Distribution

Percentile by Number Answered

Percent of People with Each Score

Your Score History

You have not taken this quiz